Hệ thống thông tin địa lý hỗ trợ phát triển du lịch tỉnh Bạc Liêu : Luận văn thạc sĩ. Chuyên ngành Hệ thống thông tin

Ứng dụng GIS và xây dựng hệ thống thông tin hỗ trợ du lịch như tìm đường, tìm nơi lưu trú, ẩm thực, địa điểm du lịch... tại tỉnh Bạc Liêu

Сохранить в:
Библиографические подробности
Главный автор: Nguyễn, Thị Đài Loan
Формат:
Язык:Undetermined
Опубликовано: Cần Thơ Trường Đại học Cần Thơ 2016
Предметы:
Метки: Добавить метку
Нет меток, Требуется 1-ая метка записи!
Thư viện lưu trữ: Trung tâm Học liệu Trường Đại học Cần Thơ
LEADER 01133nam a2200217Ia 4500
001 CTU_213662
008 210402s9999 xx 000 0 und d
082 |a 005.74 
082 |b L406 
088 |a 60480104 
100 |a Nguyễn, Thị Đài Loan 
245 0 |a Hệ thống thông tin địa lý hỗ trợ phát triển du lịch tỉnh Bạc Liêu : 
245 0 |b Luận văn thạc sĩ. Chuyên ngành Hệ thống thông tin 
245 0 |c Nguyễn Thị Đài Loan ; Trương Quốc Định (Cán bộ hướng dẫn) 
260 |a Cần Thơ 
260 |b Trường Đại học Cần Thơ 
260 |c 2016 
520 |a Ứng dụng GIS và xây dựng hệ thống thông tin hỗ trợ du lịch như tìm đường, tìm nơi lưu trú, ẩm thực, địa điểm du lịch... tại tỉnh Bạc Liêu 
650 |a Database design,Database management systems,Geodatabases,Thiết kế CSDL,Hệ thống quản lý CSDL,CSDL địa lý 
904 |i Nguyên 
980 |a Trung tâm Học liệu Trường Đại học Cần Thơ